Los Angeles Lakers: Leading Scorer Every Year - Statistics

General Stats
  • This quiz has been taken 5,038 times
    165 since last reset
  • The average score is 60 of 78
Answer Stats
Year Player Average % Correct
2018-2019 LeBron James 27.4
99%
2020-2021 LeBron James 25.0
99%
2021-2022 LeBron James 30.3
99%
2022-2023 LeBron James 28.9
99%
2023-2024 LeBron James 25.7
99%
2002-2003 Kobe Bryant 30.0
98%
2003-2004 Kobe Bryant 24.0
98%
2004-2005 Kobe Bryant 27.6
98%
2005-2006 Kobe Bryant 35.4
98%
2006-2007 Kobe Bryant 31.6
98%
2007-2008 Kobe Bryant 28.3
98%
2008-2009 Kobe Bryant 26.8
98%
2009-2010 Kobe Bryant 27.0
98%
2010-2011 Kobe Bryant 25.3
98%
2011-2012 Kobe Bryant 27.9
98%
2012-2013 Kobe Bryant 27.3
98%
2014-2015 Kobe Bryant 22.3
98%
2015-2016 Kobe Bryant 17.6
98%
1996-1997 Shaquille O'Neal 26.2
96%
1997-1998 Shaquille O'Neal 28.3
96%
1998-1999 Shaquille O'Neal 26.3
96%
1999-2000 Shaquille O'Neal 29.7
96%
2000-2001 Shaquille O'Neal 28.7
96%
2001-2002 Shaquille O'Neal 27.2
96%
2024-2025 Luka Dončić 28.2
94%
2025-2026 Luka Dončić 33.5
94%
1986-1987 Magic Johnson 23.9
94%
1988-1989 Magic Johnson 22.5
94%
1989-1990 Magic Johnson 22.3
94%
1975-1976 Kareem Abdul-Jabbar 27.7
92%
1976-1977 Kareem Abdul-Jabbar 26.2
92%
1977-1978 Kareem Abdul-Jabbar 25.8
92%
1978-1979 Kareem Abdul-Jabbar 23.8
92%
1979-1980 Kareem Abdul-Jabbar 24.8
92%
1980-1981 Kareem Abdul-Jabbar 26.2
92%
1981-1982 Kareem Abdul-Jabbar 23.9
92%
1982-1983 Kareem Abdul-Jabbar 21.8
92%
1983-1984 Kareem Abdul-Jabbar 21.5
92%
1984-1985 Kareem Abdul-Jabbar 22.0
92%
1985-1986 Kareem Abdul-Jabbar 23.4
92%
1963-1964 Jerry West 28.7
89%
1964-1965 Jerry West 31.0
89%
1965-1966 Jerry West 31.3
89%
1966-1967 Jerry West 28.7
89%
1967-1968 Jerry West 26.3
89%
1968-1969 Jerry West 25.9
89%
1969-1970 Jerry West 31.2
89%
1970-1971 Jerry West 26.9
89%
2019-2020 Anthony Davis 26.1
87%
1958-1959 Elgin Baylor 24.9
77%
1959-1960 Elgin Baylor 29.6
77%
1960-1961 Elgin Baylor 34.8
77%
1961-1962 Elgin Baylor 38.3
77%
1962-1963 Elgin Baylor 34.0
77%
1990-1991 James Worthy 21.4
75%
1991-1992 James Worthy 19.9
75%
1948-1949 George Mikan 28.3
71%
1949-1950 George Mikan 27.4
71%
1950-1951 George Mikan 28.4
71%
1951-1952 George Mikan 23.8
71%
1952-1953 George Mikan 20.6
71%
1953-1954 George Mikan 18.1
71%
2017-2018 Brandon Ingram 16.1
52%
1971-1972 Gail Goodrich 25.9
39%
1972-1973 Gail Goodrich 23.9
39%
1973-1974 Gail Goodrich 25.3
39%
1974-1975 Gail Goodrich 22.6
39%
2013-2014 Nick Young 17.9
33%
1993-1994 Vlade Divac 14.2
30%
1987-1988 Byron Scott 21.7
29%
2016-2017 Lou Williams 18.6
22%
1994-1995 Cedric Ceballos 21.7
16%
1995-1996 Cedric Ceballos 21.2
16%
1954-1955 Vern Mikkelsen 18.7
16%
1957-1958 Vern Mikkelsen 17.3
16%
1955-1956 Clyde Lovellette 21.5
10%
1956-1957 Clyde Lovellette 20.8
10%
1992-1993 Sedale Threatt 15.1
10%
No matching quizzes found
Score Distribution
Percent of People with Each Score
Percentile by Number Answered
Your Score History
You have not taken this quiz since the last reset